Riconosci il Pokémon - Quiz n°371 - Statistics

Statistiche generali
  • Questo quiz è stato fatto 1 volte
  • Il punteggio medio è 9 su 10
Statistiche sulle risposte
Indizio Risposta % Corretto
Altezza 0,6 m
100%
Peso 105,0 kg
100%
Tasso di cattura 120 (24.9%)
100%
Sesso 50% ♂, 50% ♀
100%
Tasso di allevamento Medio-Lento
100%
Generazione Nona
100%
Stadio evoluzione Prima evoluzione
100%
Tipo Roccia
100%
Abilità Sale Purifcatore; Vigore; Corpochiaro
100%
Pokémon Naclstack
0%
Nessun quiz corrispondente trovato
Distribuzione punteggi
Percentuale di utenti per punteggio
Percentile per numero di risposta
I tuoi punteggi nel tempo
Non hai fatto questo quiz